| 000 | 00000nam 2200000za 4500 |
| 001 | 9.840896 |
| 003 | CaOODSP |
| 005 | 20221107151945 |
| 007 | cr ||||||||||| |
| 008 | 170802s1990 xxcob |o f|0| 0 eng d |
| 020 | |z0-662-57709-4 |
| 040 | |aCaOODSP|beng |
| 043 | |an-cn--- |
| 086 | 1 |aEn40-392/1990E-PDF|zEn40-392/1990 |
| 110 | 1 |aCanada. |bCanadian Environmental Assessment Agency. |
| 245 | 14|aThe Northumberland Strait Crossing Project |h[electronic resource] : |breport of the Environmental Assessment Panel. |
| 260 | |aHull, Quebec : |bFederal Environmental Assessment Review Office, |c1990. |
| 300 | |a46 p. : |bphotos, map. |
| 500 | |a"August 1990." |
| 500 | |aIssued also in French under title: Projet de raccordement dans le détroit de Northumberland : rapport de la Commission d'évaluation environnementale. |
| 500 | |aDigitized edition from print. |
| 504 | |aIncludes bibliographic references. |
| 520 | |a"This report conveys the findings of a federal Environmental Assessment Panel review of the Northumberland Strait Crossing Project proposed by Public Works Canada (PWC)"--Summary, p. 1. |
| 692 | 07|2gccst|aEnvironmental impact assessment |
| 775 | 08|tProjet de raccordement dans le détroit de Northumberland |w(CaOODSP)9.840901 |
| 856 | 40|qPDF|s2.22 MB|uhttps://publications.gc.ca/collections/collection_2017/acee-ceaa/En40-392-1990-eng.pdf |